| 000 | 00421pab a2200169 454500 | ||
|---|---|---|---|
| 008 | 180718b2017 xxu||||| |||| 00| 0 eng d | ||
| 100 | _aKumar, Ranjeet | ||
| 245 | _aBhaarat mein adhikari-tantra, lokseva aur sushaasan | ||
| 260 | _c2017 | ||
| 300 | _ap.51-65. | ||
| 362 | _aJul-Dec | ||
| 650 | _aGood Governance | ||
| 650 | _aCivil service | ||
| 650 | _aBureaucracy | ||
| 773 | _aLok Prashasan | ||
| 909 | _a117295 | ||
| 999 |
_c117289 _d117289 |
||